| 000 | 00539nam a22001817a 4500 | ||
|---|---|---|---|
| 003 | NUST | ||
| 005 | 20230224154313.0 | ||
| 008 | 190808b ||||| |||| 00| 0 eng d | ||
| 038 | _aMr. Noman | ||
| 082 | _a658.4 | ||
| 100 |
_aKhan, Muhammad Saadat Ali _919189 |
||
| 245 |
_a"Improving Profitability at Ufone by Optimizing Operating Expenditure" _cMuhammad Saadat Ali Khan. |
||
| 260 |
_aIslamabad: _bNBS - NUST, _c2016. |
||
| 300 |
_a43 p.: ill.; _c30cm. |
||
| 500 | _aHardcover. | ||
| 650 |
_aEMBA Thesis. _917645 |
||
| 942 |
_2ddc _cTHE |
||
| 999 |
_c527767 _d527767 |
||